Manual de derecho tributario /

Guardado en:
Autor Principal: García Vizcaíno, Catalina
Formato: Desconocido
Idioma:Spanish
Publicado: Buenos Aires : Abeledo Perrot, 2017
Edición:3a. ed. amp. y act.
Series:Manuales universitarios
Materias:
Etiquetas: Agregar Etiqueta
Sin Etiquetas, Sea el primero en etiquetar este registro!
LEADER 00641nac a22001815a 4500
001 DER.der013637
008 180615s2017####ag#||||||||||||||#||spa||
005 20241111114450.0
245 1 0 |a Manual de derecho tributario /  |c Catalina García Vizcaíno. 
250 |a 3a. ed. amp. y act. 
260 |a Buenos Aires :  |b Abeledo Perrot,  |c 2017 
300 |a 1051 p. 
490 1 |a Manuales universitarios 
500 |a Con las reformas del Código Civil y Comercial de la Nación y de las Leyes 27.260 y 27.346. 
020 |a 9789502028613 
100 1 |a García Vizcaíno, Catalina 
650 7 |a DERECHO TRIBUTARIO 
859 |a DERECHO  |b BIB. DERECHO  |h 343.04  |i GAR  |p 008677